Do Motorways Induce Wider Economic Benefits? Evidence from the Slovak Republic
Analýza sociálných a ekonomických efektov diaľnic. Vývoj setu sociálnych a ekonomických premenných na úrovni slovenských okresov (úroveň LAU 1) v rokoch 1997 – 2016.
Salvato in:
| Autore principale: | |
|---|---|
| Altri autori: | , |
| Natura: | Capitolo di libro |
| Lingua: | inglese |
| Soggetti: | |
| Tags: |
Nessun Tag, puoi essere il primo ad aggiungerne!!
|
MARC
| LEADER | 00000naa a2200000 4500 | ||
|---|---|---|---|
| 001 | 0243635 | ||
| 005 | 20250318134043.3 | ||
| 041 | 0 | |a eng | |
| 044 | |a SK | ||
| 245 | 1 | 0 | |a Do Motorways Induce Wider Economic Benefits? Evidence from the Slovak Republic |c Vladimír Baláž, Dušana Dokupilová, Eduard Nežinský |
| 520 | |a Analýza sociálných a ekonomických efektov diaľnic. Vývoj setu sociálnych a ekonomických premenných na úrovni slovenských okresov (úroveň LAU 1) v rokoch 1997 – 2016. | ||
| 610 | 2 | 0 | |a rozvoj regionálny |
| 610 | 2 | 0 | |a efektívnosť ekonomická |
| 610 | 2 | 0 | |a diaľnice |
| 610 | 2 | 0 | |a doprava cestná |
| 610 | 2 | 0 | |a Slovensko |
| 100 | 1 | |a Baláž, Vladimír | |
| 700 | 1 | |a Dokupilová, Dušana | |
| 700 | 1 | |a Nežinský, Eduard, 1972- | |